000 00642cam a2200217 4500500
005 20260329004516.0
041 _afre
042 _adc
100 1 0 _aPortevin, Catherine
_eauthor
245 0 0 _aLa Gauche contre les Lumières ?
260 _c2020.
500 _a59
690 _aAnti-Lumières
690 _aGauche
690 _aIntersectionnalité
690 _aLumières
690 _aRadicalisme
690 _aStéphanie Roza
786 0 _nPhilosophie magazine | 137 | 3 | 2020-03-01 | p. 67-68 | 1951-1787
856 4 1 _uhttps://shs.cairn.info/magazine-philosophie-magazine-2020-3-page-67?lang=fr&redirect-ssocas=7080
999 _c1834597
_d1834597